Poemas saturnianos

Kaydedildi:
Detaylı Bibliyografya
Yazar: Verlaine, Paul
Materyal Türü: Kitap
Dil:Undetermined
Baskı/Yayın Bilgisi: Buenos Aires, Argentina Glem 1943
Konular:
Etiketler: Etiketle
Etiket eklenmemiş, İlk siz ekleyin!

MARC

LEADER 00000nam a2200000Ia 4500
008 170316s9999 xx 000 0 und d
040 |a cru BVZT 
090 |a 840 V-9p 
100 |a Verlaine, Paul 
245 |a Poemas saturnianos 
260 |a Buenos Aires, Argentina 
260 |b Glem 
260 |c 1943 
300 |a 160 páginas 
650 |a LITERATURA FRANCESA 
999 |c 8069  |d 8069 
942 |c 15 D  |h 840 V-9p  |2 z